00315nam a2200121Ia 4500008004100000020001800041041000800059082001800067100002000085245003900105250000900144260004000153230717s9999 xx 000 0 und d a81-7494-010-3 aeng a346.0438bODG aOdger,Dworkin G aConstruction Of Deeds And Statutes a5ed. aDelhibUniversal Book Tradersc1967